Zapomenuté pověsti pražské pro děti

Saved in:
Bibliographic Details
Main Author Vaněček, Michal
Format Electronic eBook
LanguageCzech
Published Bambook 2026
Edition1. elektronické vydání
Subjects
Online AccessDostupné v BOOKPORT po přihlášení pomocí eduID
ISBN978-80-271-8429-3
978-80-271-5887-4
Physical Description1 online zdroj (104 stran)

Cover

LEADER 00000nam a2200000 i 4500
001 bkp14181
003 CZ-prgp
005 20260407112622.0
006 m o d
007 cr cn
008 260407s2026 xr o 000 0 cze
020 |a 978-80-271-8429-3  |c 297 Kč  |q (online ; pdf) 
020 |a 978-80-271-5887-4  |c 355 Kč  |q (print) 
040 |a Grada  |b cze  |e rda 
100 1 |a Vaněček, Michal 
245 1 0 |a Zapomenuté pověsti pražské pro děti  |c Michal Vaněček 
250 |a 1. elektronické vydání 
264 1 |b Bambook  |c 2026 
300 |a 1 online zdroj (104 stran) 
336 |a text  |b txt  |2 rdacontent 
337 |a počítač  |b c  |2 rdamedia 
338 |a online zdroj  |b cr  |2 rdacarrier 
520 3 |a Pojďte objevovat kouzelnou Prahu! Každá pověst vás zavede do jiného domu či uličky, kde se za dávných časů potkávali vodníci, skřítci i obyčejní měšťané. Nechybí ani magická atmosféra doby císaře Rudolfa II., kdy se po městě procházel Golem, v temných komnatách bádali alchymisté a uličky byly plné tajemství. 
650 0 4 |a Dětská literatura 
650 0 4 |a Beletrie pro děti 
650 0 4 |a Čtení s poučením 
856 4 0 |u https://www.bookport.cz/AccountSaml/SignIn/?idp=https://shibboleth.utb.cz/idp/shibboleth&returnUrl=/kniha/zapomenute-povesti-prazske-pro-deti-15925/  |y Dostupné v BOOKPORT po přihlášení pomocí eduID